000 00469nam a2200181Ia 4500
001 16618
005 20260306170323.0
008 260306t2011||||xx |||||||||||||| ||und||
041 _aESP
082 _a348.8
_bP42
100 _aPeña Gonzáles, Oscar
_eAUT
245 0 _aTécnicas de litigación y conciliación aplicadas al proceso laboral
260 _c2011
300 _a708 páginas :
_c24 cm.
650 _aGEN
654 _aCDE
942 _cLIB
_dJUS
_fJUS
_2ddc
_n
999 _c16618
_d16618